[Event "GER-ch Net blitz qual1"]
[Site "Playchess.com INT"]
[Date "2020.03.07"]
[Round "2"]
[White "Kluever, Bastian"]
[Black "Auge, Hendrik"]
[Result "0-1"]
[WhiteElo "1334"]
[BlackElo "1638"]
[PlyCount "110"]
[EventDate "2020.03.07"]
[EventType "swiss (blitz)"]
[EventRounds "9"]
[EventCountry "GER"]
[SourceTitle "CBM 195 Extra"]
[Source "ChessBase"]
[SourceDate "2020.05.31"]
[SourceVersion "1"]
[SourceVersionDate "2020.05.31"]
[SourceQuality "1"]

1. c4 e5 2. Nc3 Nf6 3. g3 Bc5 4. Bg2 d6 5. Nf3 0-0 6. e3 Bg4 7. 0-0 Nc6 8. Qc2 Re8 9. a3 h6 10. b4 Bb6 11. Na4 Qd7 12. Nxb6 axb6 13. d4 e4 14. Nd2 d5 15. cxd5 Qxd5 16. Bb2 Re6 17. Rac1 Rae8 18. Qc4 Qxc4 19. Nxc4 Be2 20. Rfe1 Bxc4 21. Rxc4 Nd5 22. Rec1 Rf6 23. b5 Na5 24. Rxc7 Nxc7 25. Rxc7 Rfe6 26. Bc3 R6e7 27. Rxe7 Rxe7 28. Bxa5 bxa5 29. Kf1 f5 30. Ke2 b6 31. Kd2 Rc7 32. Bf1 Kf7 33. a4 Ke6 34. Be2 Kd5 35. h3 g6 36. g4 Rf7 37. gxf5 Rxf5 38. Bg4 Rxf2+ 39. Kc3 Rf1 40. Be2 Ra1 41. Kb2 Rxa4 42. h4 Rb4+ 43. Kc3 g5 44. hxg5 hxg5 45. Kc2 g4 46. Bxg4 Rxb5 47. Kc3 a4 48. Bd1 a3 49. Bb3+ Kd6 50. Ba2 Rb2 51. Bg8 Re2 52. Kc4 Rxe3 53. Kb4 Rd3 54. Kc4 a2 55. Kb4 a1Q 0-1

[Event "GER-ch Net blitz qual1"]
[Site "Playchess.com INT"]
[Date "2020.03.07"]
[Round "4"]
[White "Kluever, Bastian"]
[Black "Jacobsen, Uwe"]
[Result "1-0"]
[WhiteElo "1334"]
[BlackElo "1911"]
[PlyCount "91"]
[EventDate "2020.03.07"]
[EventType "swiss (blitz)"]
[EventRounds "9"]
[EventCountry "GER"]
[SourceTitle "CBM 195 Extra"]
[Source "ChessBase"]
[SourceDate "2020.05.31"]
[SourceVersion "1"]
[SourceVersionDate "2020.05.31"]
[SourceQuality "1"]

1. c4 Nf6 2. Nc3 g6 3. g3 Bg7 4. Bg2 0-0 5. Nf3 d5 6. cxd5 Nxd5 7. 0-0 c6 8. e3 Bg4 9. d4 Qc8 10. Qb3 e6 11. Bd2 Nf6 12. Rac1 Bf5 13. Ne5 Nbd7 14. Nxd7 Qxd7 15. Na4 b6 16. Bxc6 Qd6 17. Bxa8 Rxa8 18. Bb4 Qd7 19. Qa3 Bh3 20. Nxb6 Qb7 21. f3 Qxb6 22. Rfe1 Qb7 23. Kf2 Ng4+ 24. Ke2 Nxh2 25. e4 Bg2 26. Rg1 Bxf3+ 27. Kf2 Qxe4 28. Rc2 Ng4+ 29. Kf1 Ne3+ 30. Kf2 Nxc2 31. Qa6 Qe2+ 32. Qxe2 Bxe2 33. Kxe2 Nxd4+ 34. Kd3 Rd8 35. Ke4 Nc2 36. Rc1 Nxb4 37. Rc7 Nd5 38. Rxa7 Bxb2 39. a4 Nc3+ 40. Kf3 Nxa4 41. Rxa4 Bf6 42. Ra7 Kg7 43. Kg4 Rd4+ 44. Kf3 e5 45. Ra6 e4+ 46. Ke2 1-0